| 000 | 01520nam a22003734a 4500 | ||
|---|---|---|---|
| 001 | ebr10115157 | ||
| 003 | CaPaEBR | ||
| 006 | m u | ||
| 007 | cr cn||||||||| | ||
| 008 | 040817s2005 nyua sb 001 0 eng | ||
| 010 | _z 2004019387 | ||
| 020 | _z1593320639 (alk. paper) | ||
| 040 |
_aCaPaEBR _cCaPaEBR |
||
| 035 | _a(OCoLC)64552634 | ||
| 043 | _an-us--- | ||
| 050 | 1 | 4 |
_aLB3064.2 _b.R4 2005eb |
| 082 | 0 | 4 |
_a371.2/91 _222 |
| 100 | 1 |
_aReam, Robert Ketner, _d1966- |
|
| 245 | 1 | 0 |
_aUprooting children _h[electronic resource] : _bmobility, social capital, and Mexican American underachievement / _cRobert Ketner Ream. |
| 260 |
_aNew York : _bLFB Scholarly Pub. LLC, _c2005. |
||
| 300 |
_axii, 252 p. : _bill. |
||
| 490 | 1 | _aThe new Americans | |
| 504 | _aIncludes bibliographical references (p. 171-204) and index. | ||
| 533 |
_aElectronic reproduction. _bPalo Alto, Calif. : _cebrary, _d2013. _nAvailable via World Wide Web. _nAccess may be limited to ebrary affiliated libraries. |
||
| 650 | 0 |
_aStudent mobility _zUnited States. |
|
| 650 | 0 |
_aAcademic achievement _zUnited States. |
|
| 650 | 0 |
_aSocial capital (Sociology) _zUnited States. |
|
| 650 | 0 | _aMexican American students. | |
| 650 | 0 |
_aMinority students _zUnited States. |
|
| 655 | 7 |
_aElectronic books. _2local |
|
| 710 | 2 | _aebrary, Inc. | |
| 830 | 0 | _aNew Americans (LFB Scholarly Publishing LLC) | |
| 856 | 4 | 0 |
_uhttp://site.ebrary.com/lib/rucke/Doc?id=10115157 _zAn electronic book accessible through the World Wide Web; click to view |
| 999 |
_c103502 _d103502 |
||